| 000 | 01169nam a22003137a 4500 | ||
|---|---|---|---|
| 003 | CHAP | ||
| 005 | 20220329133802.0 | ||
| 008 | 971013s1985 r 00010 d | ||
| 010 | _a10869 | ||
| 011 | _a11841 | ||
| 035 | _a11291 | ||
| 040 | _cCHAP | ||
| 090 | _aFolleto 9731 | ||
| 110 | 2 |
_aINIA. México. Centro de Investigaciones Agrícolas del Noroeste _958554 |
|
| 245 | 1 | _aGuía para producir plantago en el sur de Sonora | |
| 260 |
_aCd. Obregón, Son. : _bINIA. Campo Agrícola Experimental Valle del Yaqui, _c1985 |
||
| 300 | _a8 p. | ||
| 490 | _aINIA. México. Centro de Investigaciones Agrícolas del Noroeste. Folleto para productores 12 | ||
| 590 |
_aBATCH-UPD _b10 _c20130110 _lUCH01 _h0043 |
||
| 590 |
_aBATCH-UPD _b10 _c20130110 _lUCH01 _h2306 |
||
| 590 |
_aBATCH-UPD _b10 _c20130409 _lUCH01 _h2028 |
||
| 590 |
_aBATCH-UPD _b10 _c20130914 _lUCH01 _h1643 |
||
| 590 |
_aCONVERSION _b10 _c20130109 _lUCH01 _h1307 |
||
| 650 | 1 | 4 |
_aPlantago. _988785 |
| 830 | 0 |
_aINIA. México. Centro de Investigaciones Agrícolas del Noroeste. Folleto para productores 12 _958556 |
|
| 901 | _aBK | ||
| 942 | _cFOLL | ||
| 949 |
_aFolleto 9731 _bBC _cFOLL _d-141797 _eTS1 _i11291 _si |
||
| 999 |
_c10869 _d10869 |
||